000 00500nam a2200169Ia 4500
008 180921t2018 xxu||||| |||| 00| 0 sin d
041 _asin
080 _a8-31
_bකන්ද
100 _aකන්දරාජා, ආසි
245 _aගෙයිකෝ
260 _bගොඩගේ
_aකොළඹ
_c2018
300 _aසෙ.මි.21, පි.72
700 _aඋපාලි ලීලාරත්න
_eපරි.
942 _cBK
999 _c11072
_d11072
003 LK-CoDNM
040 _aLK-CoDNM
_dLK-CoDNM
_eLK-CoDNM